Million Dollar Man - Lyrics - Statistics

General Stats
  • This quiz has been taken 8 times
  • The average score is 228 of 260
Answer Stats
Answer % Correct
a
100%
and
100%
And
100%
do,
100%
dollar
100%
for
100%
go
100%
honey,
100%
I
100%
I'm
100%
like
100%
look
100%
love
100%
man
100%
million
100%
money,
100%
One
100%
ready,
100%
ready
100%
show
100%
the
100%
to
100%
two
100%
You
100%
you
100%
as
83%
brilliant
83%
broke?
83%
did
83%
don't
83%
down
83%
down,
83%
exotic
83%
flower
83%
follow
83%
get
83%
heart
83%
Holding
83%
how
83%
How
83%
I'd
83%
is
83%
It
83%
know
83%
me
83%
my
83%
or
83%
screwed
83%
So
83%
so
83%
Someone
83%
that
83%
tight
83%
unbelievable
83%
up
83%
way?
83%
what
83%
why
83%
You're
83%
you're
83%
anywhere
67%
at
67%
baby
67%
boy
67%
but
67%
convince
67%
crazy
67%
define
67%
going
67%
got
67%
grab
67%
hard
67%
hour
67%
If
67%
it's
67%
just
67%
most
67%
over,
67%
over
67%
price?
67%
said
67%
Something
67%
strange,
67%
take
67%
them
67%
them,
67%
was
67%
world
67%
final
50%
in
50%
isn't
50%
our
50%
flawed
33%
tainted
33%
dangerours,
0%
No matching quizzes found
Score Distribution
Percent of People with Each Score
Percentile by Number Answered
Your Score History
You have not taken this quiz